000 00674nam a2200217Ii 4500
003 JO-AjNU
008 230605s9999||||xx |||||||||||||| ||und||
017 _a2003/13267
020 _a977-01-8657-0
040 _aJO-AjNU
_bara
_erda
_cJO-AjNU
041 _aara
050 1 4 _aE161.5.I29 2003
100 3 _aإبراهيم، وفاء,
_eauthor
_919206
245 0 0 _aمائة وثمانون يوما في بلاد اليانكى
264 3 1 _aالقاهرة: وزارة الثقافة، 2003
300 _a321ص
336 _atext
_btxt
_2rdacontent
337 _aunmediated
_bn
_2rdamedia
338 _avolume
_bnc
_2rdacarrier
650 4 _aاليانكي-تاريخ
_919207
999 _aA6290
_c9858
_d9858